000 00278nam a22001097a 4500
008 170110b xxu||||| |||| 00| 0 eng d
020 _a9780763704049
041 _aeng
080 _22ND
_a618.2
245 _aHEALTH POLICY AND NURSING
_cHARRINGTON, CH & ESTES, C.L
942 _2udc
_cBK
999 _c2649
_d2649